[Event "ENCI Limburg-open A"]
[Site "Maastricht"]
[Date "2008.05.10"]
[Round "3"]
[White "Dalemans, Diana"]
[Black "Scholzen, Wolfgang"]
[Result "0-1"]
[WhiteElo "1799"]
[BlackElo "2000"]
[PlyCount "81"]
[EventDate "2008.05.09"]
[EventType "swiss"]
[EventRounds "7"]
[EventCountry "NED"]
[Source "P.Boonen"]
[SourceDate "2010.01.01"]

1. e4 e5 2. Nf3 Nc6 3. d4 exd4 4. Nxd4 Bc5 5. c3 Qf6 6. Be3 Nge7 7. Be2 O-O 8.
O-O Bb6 9. Na3 d6 10. Nab5 Rd8 11. Nxc6 bxc6 12. Bxb6 cxb6 13. Nd4 Bb7 14. f3
d5 15. Qb3 Qg6 16. Rad1 c5 17. Nb5 dxe4 18. fxe4 Bxe4 19. Bf3 Bxf3 20. Rxf3 Nf5
21. Rf2 Qg5 22. Rdf1 g6 23. a4 Rd7 24. Na3 Rad8 25. Nc4 Ne3 26. Nxe3 Qxe3 27.
h3 Qe6 28. Qc2 Kg7 29. c4 Qe3 30. Kh1 Re7 31. Rf3 Qd2 32. Qb3 Rd4 33. Qb5 Rde4
34. Qc6 f5 35. Qc8 Re2 36. Rg1 Qxb2 37. Rd3 Qc2 38. Rd7 Qxa4 39. Rxe7+ Rxe7 40.
Qb8 Qxc4 41. Rd1 0-1

[Event "ENCI Limburg-open A"]
[Site "Maastricht"]
[Date "2008.05.10"]
[Round "3"]
[White "Dirksen, Marieke"]
[Black "Leenaerts, Robin"]
[Result "0-1"]
[WhiteElo "1873"]
[BlackElo "2153"]
[PlyCount "60"]
[EventDate "2008.05.09"]
[EventType "swiss"]
[EventRounds "7"]
[EventCountry "NED"]
[Source "P.Boonen"]
[SourceDate "2010.01.01"]

1. e4 c5 2. Nf3 Nc6 3. d4 cxd4 4. Nxd4 Nf6 5. Nc3 e5 6. Ndb5 d6 7. Bg5 a6 8.
Na3 b5 9. Nd5 Be7 10. Bxf6 Bxf6 11. c3 Ne7 12. Nc2 Nxd5 13. exd5 O-O 14. a4
bxa4 15. Rxa4 a5 16. Ne3 Qc7 17. h4 Bd7 18. Ra2 e4 19. Qc2 Rae8 20. g4 Be5 21.
g5 f5 22. gxf6 gxf6 23. Bh3 Bxh3 24. Rxh3 f5 25. Qa4 Qg7 26. Rh1 f4 27. Nf5 Qg2
28. Rf1 e3 29. Qd7 exf2+ 30. Kd2 Qxd5+ 0-1

[Event "ENCI Limburg-open A"]
[Site "Maastricht"]
[Date "2008.05.10"]
[Round "3"]
[White "Edeling, Jeroen"]
[Black "Michielsen, Joost"]
[Result "0-1"]
[WhiteElo "2133"]
[BlackElo "2326"]
[PlyCount "66"]
[EventDate "2008.05.09"]
[EventType "swiss"]
[EventRounds "7"]
[EventCountry "NED"]
[Source "P.Boonen"]
[SourceDate "2010.01.01"]

1. e4 c5 2. Nf3 d6 3. c3 Nf6 4. d3 g6 5. g3 Bg7 6. Bg2 O-O 7. O-O Nc6 8. Re1 e5
9. a3 a5 10. a4 h6 11. Na3 Be6 12. Nb5 d5 13. exd5 Nxd5 14. Nd2 Qd7 15. Nc4
Rad8 16. Qc2 f5 17. f4 exf4 18. Bxd5 Bxd5 19. Nb6 Qf7 20. Bxf4 g5 21. Bd6 Bf3
22. Qf2 Qh5 23. Bxf8 Bxf8 24. Re3 g4 25. Nc7 f4 26. gxf4 Be7 27. Rae1 Bh4 28.
Re8+ Kh7 29. Qe3 Bxe1 30. Rxd8 g3 31. Rd7+ Kh8 32. Qe8+ Qxe8 33. Nxe8 Bf2+ 0-1

[Event "ENCI Limburg-open A"]
[Site "Maastricht"]
[Date "2008.05.10"]
[Round "3"]
[White "Eijk, Yuri"]
[Black "Tempelman, Kristianne"]
[Result "1/2-1/2"]
[WhiteElo "2012"]
[BlackElo "1896"]
[PlyCount "71"]
[EventDate "2008.05.09"]
[EventType "swiss"]
[EventRounds "7"]
[EventCountry "NED"]
[Source "P.Boonen"]
[SourceDate "2010.01.01"]

1. d4 d5 2. c4 e6 3. Nc3 c6 4. e3 Nf6 5. Nf3 Nbd7 6. Qc2 Be7 7. Bd2 O-O 8. Rd1
Re8 9. Be2 Bd6 10. O-O dxc4 11. Bxc4 b5 12. Bd3 Bb7 13. e4 e5 14. Bg5 Rc8 15.
dxe5 Nxe5 16. Nxe5 Bxe5 17. h3 Qc7 18. f4 Bd4+ 19. Kh1 Nh5 20. Ne2 h6 21. Bh4
Be3 22. Rf3 Bxf4 23. Nxf4 Nxf4 24. Bg3 g5 25. Bxf4 gxf4 26. Qf2 c5 27. Rxf4
Rcd8 28. Qg3+ Kh8 29. Qh4 Re6 30. Rf6 Rxf6 31. Qxf6+ Kg8 32. Qxh6 Bxe4 33. Qg5+
Kf8 34. Qh6+ Kg8 35. Qg5+ Kf8 36. Qh6+ 1/2-1/2

[Event "ENCI Limburg-open A"]
[Site "Maastricht"]
[Date "2008.05.10"]
[Round "3"]
[White "Epishin, Vladimir"]
[Black "Peek, Maurice"]
[Result "1-0"]
[WhiteElo "2566"]
[BlackElo "2405"]
[PlyCount "85"]
[EventDate "2008.05.09"]
[EventType "swiss"]
[EventRounds "7"]
[EventCountry "NED"]
[Source "P.Boonen"]
[SourceDate "2010.01.01"]

1. c4 Nf6 2. Nf3 e6 3. d4 Bb4+ 4. Bd2 Qe7 5. g3 Nc6 6. Nc3 Bxc3 7. Bxc3 Ne4 8.
Rc1 d6 9. d5 Nxc3 10. Rxc3 Nd8 11. dxe6 Nxe6 12. Bg2 O-O 13. O-O Bd7 14. Re1
Bc6 15. e4 Qf6 16. Re2 Rfe8 17. Rce3 a5 18. b3 Re7 19. h4 Rae8 20. a3 g6 21. b4
axb4 22. axb4 Ra8 23. Qd2 Ra1+ 24. Re1 Re8 25. b5 Rxe1+ 26. Rxe1 Bd7 27. e5
dxe5 28. Nxe5 Bc8 29. Ng4 Qg7 30. Bd5 h5 31. Ne5 Kh7 32. Re3 f6 33. Nd3 Qf8 34.
Qe1 Ng7 35. Nf4 Rxe3 36. Qxe3 b6 37. Be4 f5 38. Bd5 Ne8 39. Nxg6 Kxg6 40. Qg5+
Kh7 41. Qxh5+ Kg7 42. Qg5+ Kh7 43. Qd8 1-0

[Event "ENCI Limburg-open A"]
[Site "Maastricht"]
[Date "2008.05.10"]
[Round "3"]
[White "Floor, Dirk"]
[Black "Bijlsma, Nick"]
[Result "1-0"]
[WhiteElo "2221"]
[BlackElo "1869"]
[PlyCount "65"]
[EventDate "2008.05.09"]
[EventType "swiss"]
[EventRounds "7"]
[EventCountry "NED"]
[Source "P.Boonen"]
[SourceDate "2010.01.01"]

1. e4 c5 2. Nf3 d6 3. d4 cxd4 4. Nxd4 Nf6 5. Nc3 a6 6. h3 e6 7. g4 d5 8. e5
Nfd7 9. Qe2 Nc6 10. Nxc6 bxc6 11. Bg2 Qc7 12. f4 Bc5 13. Bd2 Nb6 14. b3 a5 15.
a4 Ba6 16. Qf3 O-O-O 17. O-O-O f6 18. exf6 gxf6 19. Rde1 Rhe8 20. Bf1 Ba3+ 21.
Kb1 Bxf1 22. Rhxf1 e5 23. fxe5 fxe5 24. Na2 d4 25. Bxa5 Rd5 26. Bb4 Bxb4 27.
Nxb4 Rd6 28. Qf5+ Rde6 29. Nd3 Qd6 30. Rxe5 Nd7 31. Rxe6 Rxe6 32. Qxh7 Nf6 33.
Qg7 1-0

[Event "ENCI Limburg-open A"]
[Site "Maastricht"]
[Date "2008.05.10"]
[Round "3"]
[White "Friesen, Boris"]
[Black "Schilperoort, Jeroen"]
[Result "1/2-1/2"]
[WhiteElo "2129"]
[BlackElo "1996"]
[PlyCount "34"]
[EventDate "2008.05.09"]
[EventType "swiss"]
[EventRounds "7"]
[EventCountry "NED"]
[Source "P.Boonen"]
[SourceDate "2010.01.01"]

1. e4 Nc6 2. Nf3 e6 3. d4 d5 4. e5 f6 5. Be2 Bd7 6. O-O Qe7 7. c3 Qf7 8. exf6
Nxf6 9. Re1 Bd6 10. Bd3 O-O 11. Nbd2 Qh5 12. Nf1 Rae8 13. Ng3 Bxg3 14. fxg3 e5
15. dxe5 Ng4 16. h3 Ngxe5 17. Nxe5 Qxd1 1/2-1/2

[Event "ENCI Limburg-open A"]
[Site "Maastricht"]
[Date "2008.05.10"]
[Round "3"]
[White "Geboers, Jimmy"]
[Black "Picard, Romain"]
[Result "0-1"]
[WhiteElo "1968"]
[BlackElo "2368"]
[PlyCount "94"]
[EventDate "2008.05.09"]
[EventType "swiss"]
[EventRounds "7"]
[EventCountry "NED"]
[Source "P.Boonen"]
[SourceDate "2010.01.01"]

1. d4 Nf6 2. c4 g6 3. Nc3 d5 4. f3 Bg7 5. e4 dxe4 6. fxe4 O-O 7. Nf3 Bg4 8. Be2
Nc6 9. Be3 Bxf3 10. Bxf3 e5 11. d5 Nd4 12. O-O c5 13. Qd2 Ne8 14. Bh6 Nd6 15.
Bxg7 Kxg7 16. b3 Qh4 17. g3 Qe7 18. Bg2 h6 19. Rae1 Qg5 20. Qd3 a6 21. Ne2 Rae8
22. a4 b6 23. Nxd4 exd4 24. b4 a5 25. b5 Re5 26. Re2 Rfe8 27. Rfe1 h5 28. h3
Qe7 29. Bf3 Qg5 30. Bg2 Qe7 31. Bf3 Rg5 32. g4 hxg4 33. Bxg4 Re5 34. Bf3 Rh8
35. Bg4 Qg5 36. Rg2 Qh4 37. Rge2 Rhe8 38. Kg2 R8e7 39. Kh2 Qg5 40. Kg1 Kf8 41.
Kf1 Ke8 42. Kg2 Kd8 43. Kh2 Qf4+ 44. Kg2 Rxe4 45. Rxe4 Rxe4 46. Rxe4 Nxe4 47.
Qe2 f5 0-1

[Event "ENCI Limburg-open A"]
[Site "Maastricht"]
[Date "2008.05.10"]
[Round "3"]
[White "Gijsen, Stief"]
[Black "Skrobic, Dragan"]
[Result "1-0"]
[WhiteElo "2079"]
[BlackElo "1918"]
[PlyCount "79"]
[EventDate "2008.05.09"]
[EventType "swiss"]
[EventRounds "7"]
[EventCountry "NED"]
[Source "P.Boonen"]
[SourceDate "2010.01.01"]

1. e4 g6 2. d4 Bg7 3. Nc3 c5 4. d5 d6 5. Nf3 Nf6 6. Bd3 O-O 7. O-O e6 8. h3 Re8
9. Bg5 h6 10. Bh4 exd5 11. exd5 Nbd7 12. Qd2 Ne5 13. Nxe5 Rxe5 14. Rfe1 Rh5 15.
Bg3 Bf5 16. Be2 Rg5 17. Bf4 Nh7 18. Bxg5 Nxg5 19. Bd3 Bxh3 20. f4 Bd4+ 21. Kh1
Bd7 22. fxg5 hxg5 23. Re4 Qf6 24. Rxd4 Qxd4 25. Ne2 Qxd5 26. c4 Qe5 27. Qc3 Qe3
28. Rf1 Bc6 29. Kh2 Re8 30. Ng1 g4 31. Ne2 Re5 32. Ng3 f5 33. Bc2 Qh6+ 34. Kg1
Re3 35. Qd2 f4 36. Ne4 g3 37. Nf6+ Kh8 38. Ng4 Qg5 39. Nxe3 fxe3 40. Qxd6 1-0

[Event "ENCI Limburg-open A"]
[Site "Maastricht"]
[Date "2008.05.10"]
[Round "3"]
[White "Goossens, Hanne"]
[Black "Van Assendelft, Floris"]
[Result "0-1"]
[WhiteElo "1909"]
[BlackElo "2250"]
[PlyCount "60"]
[EventDate "2008.05.09"]
[EventType "swiss"]
[EventRounds "7"]
[EventCountry "NED"]
[Source "P.Boonen"]
[SourceDate "2010.01.01"]

1. e4 c5 2. Nf3 d6 3. d4 Nf6 4. Nc3 cxd4 5. Nxd4 a6 6. Bg5 e6 7. f4 Be7 8. Qf3
Qc7 9. O-O-O Nbd7 10. g4 b5 11. Kb1 b4 12. Nce2 h6 13. Bxf6 Bxf6 14. h4 Bb7 15.
Bg2 Nc5 16. Qe3 g6 17. f5 gxf5 18. gxf5 e5 19. Nb3 O-O-O 20. Ng3 Rhg8 21. Nxc5
Qxc5 22. Qf3 Kb8 23. Nf1 Rc8 24. Rd2 Bd8 25. Ne3 Bb6 26. Ng4 Qc4 27. Nxh6 Rxg2
28. Rxg2 Bxe4 29. Qh3 Bxc2+ 30. Ka1 Bd1 0-1

[Event "ENCI Limburg-open A"]
[Site "Maastricht"]
[Date "2008.05.10"]
[Round "3"]
[White "Goudriaan, Etienne"]
[Black "Scheeren, Fred"]
[Result "1/2-1/2"]
[WhiteElo "2117"]
[BlackElo "1968"]
[PlyCount "116"]
[EventDate "2008.05.09"]
[EventType "swiss"]
[EventRounds "7"]
[EventCountry "NED"]
[Source "P.Boonen"]
[SourceDate "2010.01.01"]

1. e4 c5 2. Nf3 d6 3. d4 cxd4 4. Nxd4 Nf6 5. Nc3 Nc6 6. Be2 e5 7. Nf3 h6 8. O-O
Be7 9. a4 Be6 10. Re1 O-O 11. Bf1 Rc8 12. Nd5 Bxd5 13. exd5 Nb4 14. c4 a5 15.
h3 Nd7 16. Bd2 Nc5 17. Bxb4 axb4 18. Re3 f5 19. Qe1 f4 20. Re2 Nb3 21. Rb1 Rxc4
22. Rxe5 dxe5 23. Bxc4 Na5 24. Nxe5 Bd6 25. Bb5 Nb3 26. Rd1 Nc5 27. Nc4 b3 28.
Nxd6 Qxd6 29. Qb4 Kh8 30. a5 Rf5 31. Bc4 Rf6 32. Bxb3 f3 33. Re1 b6 34. Re8+
Kh7 35. Re6 Rxe6 36. dxe6 bxa5 37. Bc2+ g6 38. Qxa5 Nxe6 39. Qa7+ Ng7 40. gxf3
Qf6 41. Be4 Qxb2 42. Qf7 Qa1+ 43. Kg2 Qa6 44. f4 Qd6 45. h4 h5 46. f5 gxf5 47.
Bxf5+ Kh8 48. Be4 Qe6 49. Qf8+ Qg8 50. Qf6 Qe6 51. Qxe6 Nxe6 52. Bf5 Ng7 53.
Bc8 Kh7 54. Kf3 Kg6 55. Kf4 Kf6 56. Bd7 Ke7 57. Bh3 Kf6 58. f3 Ne8 1/2-1/2

[Event "ENCI Limburg-open A"]
[Site "Maastricht"]
[Date "2008.05.10"]
[Round "3"]
[White "Harestad, Hans Krogh"]
[Black "Zachariassen, Bjarne"]
[Result "1-0"]
[WhiteElo "2268"]
[BlackElo "1938"]
[PlyCount "53"]
[EventDate "2008.05.09"]
[EventType "swiss"]
[EventRounds "7"]
[EventCountry "NED"]
[Source "P.Boonen"]
[SourceDate "2010.01.01"]

1. d4 Nf6 2. Nf3 e6 3. c4 b6 4. Bg5 h6 5. Bh4 Bb4+ 6. Nbd2 g5 7. Bg3 Ne4 8. a3
Bxd2+ 9. Nxd2 Nxg3 10. hxg3 Bb7 11. Qc2 Nc6 12. e3 Qf6 13. Be2 Ne7 14. Bf3 Bxf3
15. Nxf3 Ng6 16. O-O-O O-O-O 17. Kb1 Kb8 18. c5 g4 19. Ne1 e5 20. d5 bxc5 21.
Qxc5 Qb6 22. Qc4 h5 23. Nd3 f6 24. Nc5 Ka8 25. Rd3 e4 26. Rb3 Ne5 27. Qd4 1-0

[Event "ENCI Limburg-open A"]
[Site "Maastricht"]
[Date "2008.05.10"]
[Round "3"]
[White "Hermans, Chris"]
[Black "Seip, Rien"]
[Result "1/2-1/2"]
[WhiteElo "1866"]
[BlackElo "2026"]
[PlyCount "61"]
[EventDate "2008.05.09"]
[EventType "swiss"]
[EventRounds "7"]
[EventCountry "NED"]
[Source "P.Boonen"]
[SourceDate "2010.01.01"]

1. e4 e6 2. f4 d5 3. e5 c5 4. c3 Nc6 5. Nf3 Bd7 6. Be2 Nh6 7. Na3 Be7 8. Nc2 f6
9. O-O Qb6 10. d4 cxd4 11. cxd4 Nf7 12. b3 fxe5 13. Nxe5 Nfxe5 14. fxe5 Nxe5
15. Kh1 Nc6 16. Be3 O-O-O 17. Qd2 Rdf8 18. Rfc1 Bd6 19. b4 Kb8 20. Rcb1 Qd8 21.
a4 Qh4 22. Bg1 Ne7 23. Bd3 Nf5 24. Bxf5 Rxf5 25. Ne1 Qf4 26. Qd1 Qe4 27. Nd3
Rg5 28. Qd2 Rf5 29. Nc5 Bxc5 30. bxc5 Rhf8 31. a5 1/2-1/2

[Event "ENCI Limburg-open A"]
[Site "Maastricht"]
[Date "2008.05.10"]
[Round "3"]
[White "Hoynck van Papendrecht, Frans"]
[Black "De Freytas, Paul"]
[Result "1-0"]
[WhiteElo "2104"]
[BlackElo "1929"]
[PlyCount "61"]
[EventDate "2008.05.09"]
[EventType "swiss"]
[EventRounds "7"]
[EventCountry "NED"]
[Source "P.Boonen"]
[SourceDate "2010.01.01"]

1. e4 g6 2. d4 Bg7 3. Nf3 d6 4. h3 Nf6 5. Nc3 c6 6. Be3 O-O 7. Qd2 Re8 8. O-O-O
b5 9. Bd3 b4 10. Na4 a5 11. c4 Na6 12. e5 Nd7 13. exd6 exd6 14. h4 Nf6 15. Ng5
Ng4 16. Bf4 c5 17. Be4 Rxe4 18. Nxe4 Bxd4 19. f3 b3 20. a3 Ne5 21. Bg5 Qc7 22.
Nf6+ Kh8 23. Nd5 Nxc4 24. Nxc7 Nxc7 25. Qe2 Ba6 26. Qe7 Ne6 27. Rxd4 cxd4 28.
Qxf7 Ng7 29. Bf6 Rg8 30. h5 Ne5 31. Bxg7+ 1-0

[Event "ENCI Limburg-open A"]
[Site "Maastricht"]
[Date "2008.05.10"]
[Round "3"]
[White "Huppertz, Andrea"]
[Black "Schleipfenbauer, Frank"]
[Result "0-1"]
[WhiteElo "1839"]
[BlackElo "2002"]
[PlyCount "63"]
[EventDate "2008.05.09"]
[EventType "swiss"]
[EventRounds "7"]
[EventCountry "NED"]
[Source "P.Boonen"]
[SourceDate "2010.01.01"]

1. d4 Nf6 2. Nf3 g6 3. Bf4 Bg7 4. h3 d6 5. e3 O-O 6. Be2 Nbd7 7. Nc3 c6 8. O-O
b5 9. a3 Nb6 10. e4 a6 11. Re1 Bd7 12. Qd2 Re8 13. Rad1 Qc8 14. Bf1 a5 15. e5
b4 16. Nb1 dxe5 17. dxe5 Nfd5 18. Bh6 c5 19. Bxg7 Kxg7 20. c4 Nc7 21. b3 Bc6
22. Qc2 Bxf3 23. gxf3 Ne6 24. Bg2 Nf4 25. Re4 Qf5 26. Kh2 Red8 27. Qc1 g5 28.
h4 h6 29. Rxd8 Rxd8 30. Qe3 Rd3 31. Qxc5 Nxg2 32. e6 0-1

[Event "ENCI Limburg-open A"]
[Site "Maastricht"]
[Date "2008.05.10"]
[Round "3"]
[White "Jacobsen, Mads Holger"]
[Black "Pijpers, Arthur"]
[Result "0-1"]
[WhiteElo "1809"]
[BlackElo "2130"]
[PlyCount "64"]
[EventDate "2008.05.09"]
[EventType "swiss"]
[EventRounds "7"]
[EventCountry "NED"]
[Source "P.Boonen"]
[SourceDate "2010.01.01"]

1. d4 Nf6 2. c4 c5 3. d5 b5 4. cxb5 a6 5. Nc3 axb5 6. e4 b4 7. Nb5 d6 8. f3 g6
9. Be3 Nbd7 10. Be2 Bg7 11. a4 O-O 12. Rb1 Ne8 13. b3 Nc7 14. Bc4 Nxb5 15. Bxb5
Ba6 16. Bxa6 Rxa6 17. Ne2 Qa5 18. Qd2 Re8 19. h4 Ne5 20. Kf2 c4 21. bxc4 Qxa4
22. Bd4 Qa2 23. Qxa2 Rxa2 24. Bxe5 Bxe5 25. Rhe1 Bd4+ 26. Kf1 Bc5 27. Ra1 Rea8
28. Rab1 Rc2 29. Rec1 Raa2 30. Rxc2 Rxc2 31. Rc1 b3 32. Ke1 Rxc1+ 0-1

[Event "ENCI Limburg-open A"]
[Site "Maastricht"]
[Date "2008.05.10"]
[Round "3"]
[White "Jellema, Yme Jan"]
[Black "Pel, Bonno"]
[Result "1-0"]
[WhiteElo "2112"]
[BlackElo "2288"]
[PlyCount "101"]
[EventDate "2008.05.09"]
[EventType "swiss"]
[EventRounds "7"]
[EventCountry "NED"]
[Source "P.Boonen"]
[SourceDate "2010.01.01"]

1. e4 g6 2. d4 Bg7 3. Nc3 d6 4. Be2 Nc6 5. Be3 e5 6. dxe5 Nxe5 7. f4 Ng4 8. Bd4
Bxd4 9. Qxd4 Qf6 10. Qxf6 N8xf6 11. Bf3 O-O 12. h3 Ne3 13. Kd2 Nc4+ 14. Kc1 Re8
15. b3 Nb6 16. g4 h6 17. Kb2 Bd7 18. Re1 Bc6 19. h4 d5 20. e5 d4 21. Ne4 Bxe4
22. Bxe4 Nxg4 23. Bxb7 Rab8 24. Bf3 Ne3 25. Ne2 c5 26. Ng3 Na4+ 27. Kc1 Nc3 28.
Kb2 Nc4+ 29. Ka1 Nd2 30. Be2 Re6 31. Kb2 c4 32. Kc1 cxb3 33. axb3 Nxb3+ 34.
cxb3 Rxb3 35. Bc4 Na2+ 36. Kd1 Rxg3 37. Bxa2 Ra6 38. Bc4 Ra4 39. Bd5 Ra5 40. e6
Rd3+ 41. Kc2 Rc3+ 42. Kd2 fxe6 43. Bxe6+ Kg7 44. h5 Rf3 45. f5 gxh5 46. Rhg1+
Kf6 47. Rg6+ Ke7 48. Bc4+ Re3 49. Rb1 Kd8 50. Rb7 Kc8 51. Rh7 1-0

[Event "ENCI Limburg-open A"]
[Site "Maastricht"]
[Date "2008.05.10"]
[Round "3"]
[White "Kalla, Christian"]
[Black "Maassen van den Brink, Koen"]
[Result "1-0"]
[WhiteElo "1964"]
[BlackElo "1818"]
[PlyCount "63"]
[EventDate "2008.05.09"]
[EventType "swiss"]
[EventRounds "7"]
[EventCountry "NED"]
[Source "P.Boonen"]
[SourceDate "2010.01.01"]

1. e4 e5 2. Nf3 Nc6 3. Bb5 a6 4. Ba4 Nf6 5. O-O Nxe4 6. Re1 Nc5 7. Bxc6 dxc6 8.
Nxe5 Be7 9. d4 Ne6 10. Be3 O-O 11. c4 Bg5 12. Nc3 Bxe3 13. fxe3 f6 14. Nf3 Ng5
15. Nxg5 fxg5 16. e4 g4 17. Qd2 Qh4 18. e5 g3 19. hxg3 Qxg3 20. e6 Re8 21. d5
cxd5 22. cxd5 c6 23. Rad1 Qg4 24. Re4 Qg6 25. Rde1 cxd5 26. Qxd5 h6 27. Na4 Qg3
28. Nb6 Rb8 29. Qf5 Rf8 30. Qxf8+ Kxf8 31. e7+ Ke8 32. Rf1 1-0

[Event "ENCI Limburg-open A"]
[Site "Maastricht"]
[Date "2008.05.10"]
[Round "3"]
[White "Kamps, Sjaak"]
[Black "Admiraal, Miguoel"]
[Result "1-0"]
[WhiteElo "2089"]
[BlackElo "1908"]
[PlyCount "67"]
[EventDate "2008.05.09"]
[EventType "swiss"]
[EventRounds "7"]
[EventCountry "NED"]
[Source "P.Boonen"]
[SourceDate "2010.01.01"]

1. e4 c5 2. Nc3 Nc6 3. f4 g6 4. Nf3 Bg7 5. Bb5 Nd4 6. Nxd4 cxd4 7. Ne2 Nf6 8.
e5 Nd5 9. Bc4 Nb6 10. Bb3 d6 11. exd6 Qxd6 12. d3 O-O 13. O-O a5 14. a4 Nd7 15.
Ng3 Nc5 16. Bc4 Be6 17. Bxe6 Qxe6 18. f5 Qc6 19. Qg4 Nxa4 20. Rf2 Nc5 21. Bg5
Qd6 22. Re1 Rae8 23. Qh4 Bf6 24. Rfe2 Qc6 25. Qf4 Rc8 26. Rxe7 Bxe7 27. Bxe7
Rfe8 28. f6 Ne6 29. Qh6 Rxe7 30. fxe7 Qd6 31. Qh4 Re8 32. Ne4 Qxe7 33. Nf6+ Kf8
34. Qh6+ 1-0

[Event "ENCI Limburg-open A"]
[Site "Maastricht"]
[Date "2008.05.10"]
[Round "3"]
[White "Klein, Gernot"]
[Black "Schubert, Karl"]
[Result "1-0"]
[WhiteElo "2024"]
[BlackElo "1899"]
[PlyCount "83"]
[EventDate "2008.05.09"]
[EventType "swiss"]
[EventRounds "7"]
[EventCountry "NED"]
[Source "P.Boonen"]
[SourceDate "2010.01.01"]

1. e4 d6 2. d4 Nf6 3. Nc3 g6 4. Bg5 Bg7 5. Qd2 h6 6. Bh4 g5 7. Bg3 Nh5 8. Nge2
Nc6 9. d5 Ne5 10. Nd4 Nxg3 11. hxg3 c5 12. Bb5+ Bd7 13. Nf5 Bf8 14. f4 Bxb5 15.
Nxb5 a6 16. Na3 gxf4 17. gxf4 Ng6 18. O-O-O b5 19. Rhe1 Qd7 20. g4 O-O-O 21. e5
dxe5 22. Qa5 Kb7 23. fxe5 Qc7 24. Qxc7+ Kxc7 25. c4 b4 26. Nb1 h5 27. e6 f6 28.
d6+ Kc6 29. dxe7 Rxd1+ 30. Rxd1 Nxe7 31. Rd6+ Kc7 32. Rd7+ Kc6 33. Nxe7+ Bxe7
34. Rxe7 Kd6 35. Ra7 Kxe6 36. Rxa6+ Ke5 37. gxh5 Rxh5 38. Nd2 Rh1+ 39. Kc2 f5
40. Rc6 Kd4 41. Nb3+ Kxc4 42. Rxc5# 1-0

[Event "ENCI Limburg-open A"]
[Site "Maastricht"]
[Date "2008.05.10"]
[Round "3"]
[White "Klein, Leo"]
[Black "Lentjes, Noud"]
[Result "0-1"]
[WhiteElo "2081"]
[BlackElo "1899"]
[PlyCount "46"]
[EventDate "2008.05.09"]
[EventType "swiss"]
[EventRounds "7"]
[EventCountry "NED"]
[Source "P.Boonen"]
[SourceDate "2010.01.01"]

1. d4 e6 2. Bf4 Nf6 3. e3 Nd5 4. Bg3 c5 5. c3 Nc6 6. Nd2 Nb6 7. Ngf3 d5 8. Be2
Be7 9. O-O Bd7 10. dxc5 Bxc5 11. b4 Be7 12. a4 O-O 13. Nb3 Bf6 14. b5 Ne7 15.
Nbd4 Rc8 16. Rc1 Ng6 17. Bd6 Re8 18. Bb4 e5 19. Nb3 Nxa4 20. Na5 Nc5 21. Qxd5
Be6 22. Rfd1 Nf8 23. Nc4 Na4 0-1

[Event "ENCI Limburg-open A"]
[Site "Maastricht"]
[Date "2008.05.10"]
[Round "3"]
[White "Klimov, Sergey"]
[Black "Tate, Emory"]
[Result "1-0"]
[WhiteElo "2484"]
[BlackElo "2378"]
[PlyCount "63"]
[EventDate "2008.05.09"]
[EventType "swiss"]
[EventRounds "7"]
[EventCountry "NED"]
[Source "P.Boonen"]
[SourceDate "2010.01.01"]

1. e4 c5 2. Nf3 d6 3. d4 cxd4 4. Nxd4 Nf6 5. Nc3 Nbd7 6. g4 h6 7. Be3 a6 8. Rg1
g6 9. h4 e5 10. Nb3 Be7 11. g5 Nh5 12. Nd5 b6 13. Nd2 Rb8 14. Nc4 O-O 15. Nxe7+
Qxe7 16. Qxd6 Qxd6 17. Nxd6 hxg5 18. Rxg5 Ndf6 19. f3 Be6 20. Rxe5 Ng3 21. Bxa6
Rfd8 22. Rd1 Ra8 23. Bb5 Rxa2 24. Bxb6 Nd7 25. Rxe6 Nxb6 26. Nxf7 Rxd1+ 27.
Kxd1 Kxf7 28. Rxb6 Ra1+ 29. Kd2 Nh5 30. e5 Rh1 31. Bd3 Nf4 32. Rf6+ 1-0

[Event "ENCI Limburg-open A"]
[Site "Maastricht"]
[Date "2008.05.10"]
[Round "3"]
[White "Kodentsov, Grisja"]
[Black "Konijn, Rob"]
[Result "1-0"]
[WhiteElo "2275"]
[BlackElo "2124"]
[PlyCount "166"]
[EventDate "2008.05.09"]
[EventType "swiss"]
[EventRounds "7"]
[EventCountry "NED"]
[Source "P.Boonen"]
[SourceDate "2010.01.01"]

1. e4 e5 2. Nf3 Nc6 3. Bb5 a6 4. Ba4 Nf6 5. O-O Be7 6. Re1 b5 7. Bb3 O-O 8. a4
Bb7 9. d3 d6 10. Nbd2 Na5 11. Ba2 c5 12. Nf1 Rb8 13. h3 b4 14. Ne3 Bc8 15. Nd2
Ne8 16. Ndc4 Nxc4 17. Bxc4 Bg5 18. Nf1 Bxc1 19. Qxc1 Kh8 20. Ng3 Qh4 21. Qe3 g6
22. Rf1 g5 23. Nf5 Qf4 24. g3 Qxe3 25. fxe3 a5 26. g4 Bxf5 27. Rxf5 f6 28. Raf1
Kg7 29. Kg2 h6 30. Kg3 Nc7 31. b3 Rbd8 32. Bd5 Rc8 33. Kf3 Kg6 34. h4 Ne8 35.
h5+ Kg7 36. Ke2 Nc7 37. Bc4 Rcd8 38. R5f2 Na8 39. Kd2 Nb6 40. Ke2 Rc8 41. Rf5
Rc7 42. Be6 Re7 43. Bc4 Rc7 44. Rc1 Rb8 45. Rf2 Rcc8 46. Kd2 Rc7 47. Rcf1 Rf8
48. Kc1 Rcc8 49. Kb2 Rc7 50. Rc1 Rb8 51. Kb1 Rcc8 52. Rcf1 Rf8 53. Kb2 Rbc8 54.
Rd2 Rc7 55. Be6 Re8 56. Bc4 Rf8 57. Rdf2 Rcc8 58. Rc1 Rc7 59. Rd1 Re8 60. Rdf1
Rf8 61. Kc1 Rcc8 62. Kd2 Rc7 63. Rc1 Rcc8 64. Rf5 Rc7 65. Kd1 Rcc8 66. Rf2 Rc7
67. Be6 Re8 68. Bc4 Rf8 69. Kd2 Rb8 70. Rcf1 Rf8 71. Kc1 Rcc8 72. Kb1 Rc7 73.
Kb2 Rcc8 74. Be6 Rc7 75. c4 Re7 76. Bf5 Rc7 77. Rd2 Kf7 78. Rfd1 Ke7 79. Re1
Rd8 80. Red1 Rf8 81. d4 cxd4 82. exd4 exd4 83. Rxd4 Rd8 1-0

[Event "ENCI Limburg-open A"]
[Site "Maastricht"]
[Date "2008.05.10"]
[Round "3"]
[White "Koehnke, Torben"]
[Black "Nabuurs, Joep"]
[Result "1/2-1/2"]
[WhiteElo "2073"]
[BlackElo "2205"]
[PlyCount "80"]
[EventDate "2008.05.09"]
[EventType "swiss"]
[EventRounds "7"]
[EventCountry "NED"]
[Source "P.Boonen"]
[SourceDate "2010.01.01"]

1. e4 e5 2. f4 d5 3. exd5 c6 4. Nc3 cxd5 5. fxe5 d4 6. Ne4 Nc6 7. Bb5 Qd5 8.
Bxc6+ bxc6 9. d3 Bf5 10. Nf3 Bxe4 11. dxe4 Qxe4+ 12. Qe2 Bb4+ 13. Bd2 Bxd2+ 14.
Kxd2 Qf4+ 15. Ke1 Nh6 16. Rd1 Rd8 17. g3 Qg4 18. Kf2 O-O 19. h3 Qe6 20. Nxd4
Qxa2 21. b3 Qa5 22. Kg2 Qc7 23. e6 Rfe8 24. Rhe1 c5 25. Qc4 Rc8 26. exf7+ Nxf7
27. Nb5 Qc6+ 28. Kh2 Qf3 29. Rxe8+ Rxe8 30. Rd2 Kh8 31. Qd3 Ne5 32. Qd5 Qe3 33.
Kg2 Nf3 34. Rf2 Ne1+ 35. Kf1 Qc1 36. Qd2 Qa1 37. Qc3 Qd1 38. Qd2 Qa1 39. Qc3
Qd1 40. Qd2 Qa1 1/2-1/2

[Event "ENCI Limburg-open A"]
[Site "Maastricht"]
[Date "2008.05.10"]
[Round "3"]
[White "Koenig, Christian"]
[Black "Rietveld, Leo"]
[Result "1/2-1/2"]
[WhiteElo "2174"]
[BlackElo "2033"]
[PlyCount "46"]
[EventDate "2008.05.09"]
[EventType "swiss"]
[EventRounds "7"]
[EventCountry "NED"]
[Source "P.Boonen"]
[SourceDate "2010.01.01"]

1. d4 g6 2. c4 Nf6 3. Nc3 d5 4. cxd5 Nxd5 5. e4 Nxc3 6. bxc3 c5 7. Nf3 Bg7 8.
Rb1 O-O 9. Be2 Nc6 10. d5 Ne5 11. Nxe5 Bxe5 12. Qd2 e6 13. f4 Bc7 14. O-O Re8
15. Bb5 Re7 16. c4 Ba5 17. Qf2 exd5 18. exd5 Bc3 19. Qxc5 Re2 20. Qa3 Bd4+ 21.
Kh1 Bf5 22. Rb2 Bxb2 23. Bxb2 Be4 1/2-1/2